Úskalia hodnotenia finančnej výkonnosti podnikateľskej účtovnej jednotky prostredníctvom finančných ukazovateľov

Hodnotenie finančnej výkonnosti ako diagnostický prostriedok umožňujúci posudzovať "zdravie" podniku. Analýza tých úskalí hodnotenia finančnej výkonnosti podniku, ktoré ovplyvňujú kvalitatívnu i kvantitatívnu stránku veličín vstupujúcich do konštrukcie ukazovateľov hodnotiacich finančnú výkonnosť.

Enregistré dans:
Détails bibliographiques
Auteur principal: Podmanická, Martina, 1977-
Format: Chapitre de livre
Langue:slovaque
Sujets:
Tags: Ajouter un tag
Pas de tags, Soyez le premier à ajouter un tag!

MARC

LEADER 00000naa$a2200000$$$4500
001 0160140
005 20240502083354.6
041 0 |a slo 
044 |a CZ 
245 1 0 |a Úskalia hodnotenia finančnej výkonnosti podnikateľskej účtovnej jednotky prostredníctvom finančných ukazovateľov  |c Martina Podmanická 
520 |a Hodnotenie finančnej výkonnosti ako diagnostický prostriedok umožňujúci posudzovať "zdravie" podniku. Analýza tých úskalí hodnotenia finančnej výkonnosti podniku, ktoré ovplyvňujú kvalitatívnu i kvantitatívnu stránku veličín vstupujúcich do konštrukcie ukazovateľov hodnotiacich finančnú výkonnosť. 
610 2 0 |a podnik 
610 2 0 |a výkonnosť 
610 2 0 |a financie 
610 2 0 |a výsledok hospodársky 
610 2 0 |a rentabilita 
610 2 0 |a metódy účtovné 
610 2 0 |a účtovníctvo akruálne 
610 2 0 |a systémy informačné 
100 1 |a Podmanická, Martina, 1977-